| 000 | 00490nam a2200169Ia 4500 | ||
|---|---|---|---|
| 008 | 230917s9999||||xx |||||||||||||| ||und|| | ||
| 020 | _cRS 2395.00 | ||
| 040 |
_e5007847 _aMAIN |
||
| 041 | _aEnglish | ||
| 082 | _a302.34302854678 K527I | ||
| 100 | _aKhan, Mohammad Azvar | ||
| 245 | 0 | _aInternational perspectives on cyberbullying | |
| 260 |
_aNew Delhi _bRandom Publications _c2021 |
||
| 300 | _aviii, 282 p. | ||
| 500 | _a4958 28/12/2022 KBS23/00088 13/02/2023 Main Budget | ||
| 942 | _cBK | ||
| 999 |
_c8091 _d8091 |
||